Catálogo público

Marketing Agropecuario / (Record no. 218264)

MARC details
000 -CABECERA
campo de control de longitud fija 00601 a2200193 4500
003 - IDENTIFICADOR DEL NÚMERO DE CONTROL
campo de control OSt
005 - FECHA Y HORA DE LA ÚLTIMA TRANSACCIÓN
campo de control 20230711093606.0
008 - DATOS DE LONGITUD FIJA--INFORMACIÓN GENERAL
campo de control de longitud fija 230204s2012 mx a|||f |||| 001 0 spa d
020 ## - NÚMERO INTERNACIONAL ESTÁNDAR DEL LIBRO
Número Internacional Estándar del Libro 9786071711151
040 ## - FUENTE DE LA CATALOGACIÓN
Centro/agencia transcriptor CHAP
082 00 - NÚMERO DE LA CLASIFICACIÓN DECIMAL DEWEY
Número de edición 22
Número de clasificación 381.41
Número de documento/Ítem V29
100 1# - ENTRADA PRINCIPAL--NOMBRE DE PERSONA
9 (RLIN) 187565
Nombre de persona Vargas Vargas, Samuel Antonio
245 10 - MENCIÓN DE TÍTULO
Título Marketing Agropecuario /
Mención de responsabilidad, etc. por Samuel Antonio Vargas Vargas
264 #1 - PRODUCCIÓN, PUBLICACIÓN, DISTRIBUCIÓN, FABRICACIÓN Y COPYRIGHT
Producción, publicación, distribución, fabricación y copyright México:
Nombre del de productor, editor, distribuidor, fabricante Trillas,
Fecha de producción, publicación, distribución, fabricación o copyright 2012.
300 ## - DESCRIPCIÓN FÍSICA
Extensión 166 páginas:
Otras características físicas Ilustraciones, cuadros.
504 ## - NOTA DE BIBLIOGRAFÍA, ETC.
Nota de bibliografía, etc. Incluye índice y bibliografía
650 #4 - PUNTO DE ACCESO ADICIONAL DE MATERIA--TÉRMINO DE MATERIA
9 (RLIN) 154757
Término de materia o nombre geográfico como elemento de entrada Productos agrícolas
Subdivisión general Mercadotecnia
942 ## - ELEMENTOS DE PUNTO DE ACCESO ADICIONAL (KOHA)
Tipo de ítem Koha
Fuente del sistema de clasificación o colocación Dewey Decimal Classification
Holdings
Estado de retiro Estado de pérdida Fuente del sistema de clasificación o colocación Estado dañado Restricciones de uso No para préstamo Código de colección Localización permanente Ubicación/localización actual Ubicación en estantería Fecha de adquisición Total de préstamos Signatura topográfica completa Código de barras Fecha visto por última vez Precio válido a partir de Tipo de ítem Koha Número de copia Información codificada de la localización en otra ubicación Número de inventario Fuente de adquisición
    Dewey Decimal Classification   Préstamo 15 días   General Biblioteca Central Biblioteca Central Planta alta - Colección General 10/07/2023   381.41 V29 33724002574819 10/07/2023 10/07/2023 Libro        
    Dewey Decimal Classification   Préstamo 15 días   General Biblioteca Central Biblioteca Central Planta alta - Colección General 10/07/2023   381.41 V29 33724002574850 10/07/2023 10/07/2023 Libro c.2      
    Dewey Decimal Classification   Préstamo interno   General Parasitologia Agricola Parasitologia Agricola   20/08/2024   PA 381.41 V29 4102004044 20/08/2024 20/08/2024 Libro   Libro Consumo  
    Dewey Decimal Classification   Préstamo 3 días   General Parasitologia Agricola Parasitologia Agricola   20/08/2024   PA 381.41 V29 4102004045 20/08/2024 20/08/2024 Libro Ej.2 Libro Consumo  
    Dewey Decimal Classification   Préstamo 3 días   General Parasitologia Agricola Parasitologia Agricola   20/08/2024   PA 381.41 V29 4102004046 20/08/2024 20/08/2024 Libro Ej.3 Libro Consumo Compra